| 000 | 00775nas a2200265Ia 4500 | ||
|---|---|---|---|
| 001 | dp5/23-49957 | ||
| 003 | IT-MiCISF | ||
| 008 | 161014c99999999xx |||||||||||| ||und|| | ||
| 040 |
_aIT-MiCISF _cIT-MiCISF |
||
| 041 | _aITALIANO | ||
| 100 | _aPrezzi Lorenzo | ||
| 210 | _aSettiamna | ||
| 222 | _aSettiamna | ||
| 245 | 0 | _aBenedire le nozze gay? | |
| 250 | _a1a ed. | ||
| 260 | _c2011 | ||
| 501 |
_bCISF - Centro Internazionale Studi Famiglia - Via Giotto, 36 20145 MILANO (non commercial uses only) _cCopyright 2016 |
||
| 300 | _ap. 5 | ||
| 362 | _a n. 26, 3 luglio [2011] | ||
| 500 | _a Tema: pastorale, omosessualità, coppia, religioni-non-cattoliche | ||
| 650 |
_aPASTORALE _varticolo |
||
| 700 | _aAA.VV. | ||
| 942 | _cCR | ||
| 957 | _71 | ||
| 999 |
_a49957 _bSi _g1 _c219743 _d219743 |
||